Public-private partnership and its application in India (Record no. 91124)

000 -LEADER
fixed length control field 00513pab a2200193 454500
008 - FIXED-LENGTH DATA ELEMENTS--GENERAL INFORMATION
fixed length control field 180718b2011 xxu||||| |||| 00| 0 eng d
100 ## - MAIN ENTRY--PERSONAL NAME
Personal name Datta, Sukamal
245 ## - TITLE STATEMENT
Title Public-private partnership and its application in India
260 ## - PUBLICATION, DISTRIBUTION, ETC.
Date of publication, distribution, etc. 2011
300 ## - PHYSICAL DESCRIPTION
Extent p.201-205.
362 ## - DATES OF PUBLICATION AND/OR SEQUENTIAL DESIGNATION
Dates of publication and/or sequential designation Mar
650 ## - SUBJECT ADDED ENTRY--TOPICAL TERM
Topical term or geographic name entry element Public private partnerships - India
650 ## - SUBJECT ADDED ENTRY--TOPICAL TERM
Topical term or geographic name entry element Public private partnerships
700 ## - ADDED ENTRY--PERSONAL NAME
Personal name Datta, Abhik
700 ## - ADDED ENTRY--PERSONAL NAME
Personal name Roy, Tamal Taru
773 ## - HOST ITEM ENTRY
Main entry heading Management Accountant
908 ## - PUT COMMAND PARAMETER (RLIN)
Put command parameter N
909 ## -
-- 91124
Holdings
Withdrawn status Lost status Damaged status Not for loan Permanent Location Current Location Date acquired Serial Enumeration / chronology Barcode Date last seen Price effective from Koha item type
        Indian Institute of Public Administration Indian Institute of Public Administration 2018-07-19 Volume no: 46, Issue no: 3 AR91584 2018-07-19 2018-07-19 Articles

Powered by Koha